00467nam a2200157Ia 4500008004100000020001800041082001400059100001900073245005000092250000700142260004400149300002600193500001900219600002100238650005000259240925s9999 xx 000 0 und d a9788126559084 a005.5 WEV aWeverka, Peter 0aMicrosoft Office 2016: All in one for Dummies aNA aNew Delhi:bJohn Wiley and Sonsc,2016. a527p.bN.AfPhotocopy aIncludes Index aComputer Science aComputer science, information & general works